Only the paranoid survive (Record no. 88736)

MARC details
000 -LEADER
fixed length control field 00485nam a2200193Ia 4500
008 - FIXED-LENGTH DATA ELEMENTS--GENERAL INFORMATION
fixed length control field 230125s9999 xx 000 0 und d
020 ## - INTERNATIONAL STANDARD BOOK NUMBER
International Standard Book Number 1-86197-513-9
041 ## - LANGUAGE CODE
Language code of text/sound track or separate title eng
082 ## - DEWEY DECIMAL CLASSIFICATION NUMBER
Classification number 658.4092
Item number GRO
100 ## - MAIN ENTRY--PERSONAL NAME
Personal name Grove A S
9 (RLIN) 111819
245 ## - TITLE STATEMENT
Title Only the paranoid survive
260 ## - PUBLICATION, DISTRIBUTION, ETC. (IMPRINT)
Date of publication, distribution, etc. 1997
Name of publisher, distributor, etc. Harper Collins Publishers
Place of publication, distribution, etc. London
300 ## - PHYSICAL DESCRIPTION
Extent 222p
500 ## - GENERAL NOTE
Keywords Leadership
650 ## - SUBJECT ADDED ENTRY--TOPICAL TERM
Topical term or geographic name as entry element Personnel Management
700 ## - ADDED ENTRY--PERSONAL NAME
Personal name Grove A S
9 (RLIN) 111819
906 ## - LOCAL DATA ELEMENT F, LDF (RLIN)
b 34
Holdings
Withdrawn status Lost status Damaged status Not for loan Home library Current library Date acquired Vendor Cost, normal purchase price Total Checkouts Full call number Barcode Date last seen Cost, replacement price Bill Date Koha item type Original Barcode
        Smt. Hiraben Nanavati Institute of Management & Research for Women Smt. Hiraben Nanavati Institute of Management & Research for Women 25/03/2002 Crossword 225.00   658.4092 GRO B03036 HIMR-BK-3036 25/01/2023 191.00 25/03/2002 Books B03036